High School Musical Characters - Statistics

General Stats
  • This quiz has been taken 2,278 times
  • The average score is 6 of 18
Answer Stats
Hint Answer % Correct
Zac Efron Troy Bolton
98%
Ashley Tisdale Sharpay Evans
89%
Lucas Grabeel Ryan Evans
86%
Vanessa Hudgens Gabriella Montez
84%
Corbin Bleu Chad Danforth
46%
Monique Coleman Taylor Mckessie
32%
Bart Johnson Coach Bolton
24%
Alyson Reed Ms Darbus
24%
Kaycee Stroh Martha Cox
18%
Olesya Rulin Kelsi Nielsen
16%
Chris Warren Zeke Baylor
14%
Ryne Sanborn Jason Cross
12%
Jemma McKenzie Brown Tiara Gold
9%
Matt Prokop Jimmie Zara
6%
Socorro Herrera Miss Montez
6%
Justin Martin Donny Dion
3%
David Reivers Mr Danforth
2%
Joey Miyashima Principal Matsui
2%
No matching quizzes found
Score Distribution
Percent of People with Each Score
Percentile by Number Answered
Your Score History
You have not taken this quiz